Жизнь и мечта; Записки инженера-изобретателя, конструктора и ученого
| Autore principale: | |
|---|---|
| Lingua: | russo |
| Pubblicazione: |
Москва, Московский рабочий, 1977
|
| Edizione: | 3-е изд. |
| Soggetti: |
Карпинский
> А. П.
> российский ученый
> геолог
> 1846/1847-1936
> Александр Петрович
> академик АН СССР
Тухачевский
> М. Н.
> Маршал Советского Союза
> герой Гражданской войны
> 1893-1937
> Михаил Николаевич
Киров
> С. М.
> настоящая фамилия Костриков
> российский политический деятель
> 1886-1934
> Сергей Миронович
|
| Natura: | MixedMaterials Libro |
| KOHA link: | https://koha.lib.tpu.ru/cgi-bin/koha/opac-detail.pl?biblionumber=296661 |
MARC
| LEADER | 00000nam0a2200000 4500 | ||
|---|---|---|---|
| 001 | 296661 | ||
| 005 | 20231102000929.0 | ||
| 035 | |a (RuTPU)RU\TPU\book\321769 | ||
| 035 | |a RU\TPU\book\110657 | ||
| 090 | |a 296661 | ||
| 100 | |a 20061002d1977 m y0rusy50 ca | ||
| 101 | 0 | |a rus | |
| 102 | |a RU | ||
| 105 | |a a z 000zd | ||
| 200 | 1 | |a Жизнь и мечта |a Записки инженера-изобретателя, конструктора и ученого |f П. К. Ощепков | |
| 205 | |a 3-е изд. | ||
| 210 | |a Москва |c Московский рабочий |d 1977 | ||
| 215 | |a 319 с. |c ил. | ||
| 600 | 1 | |a Карпинский |b А. П. |c российский ученый |c геолог |f 1846/1847-1936 |g Александр Петрович |c академик АН СССР |2 stltpush |3 (RuTPU)RU\TPU\pers\13364 | |
| 600 | 1 | |a Вавилов |g Сергей Иванович |b С. И. |c российский ученый, физик |f 1891-1951 |2 stltpush |3 (RuTPU)RU\TPU\pers\476 | |
| 600 | 1 | |a Крылов |b А. Н. |c русский механик, математик |c кораблестроитель |f 1863-1945 |g Алексей Николаевич |2 stltpush |3 (RuTPU)RU\TPU\pers\15029 |9 5131 | |
| 600 | 1 | |a Иоффе |b А. Ф. |c российский физик |c академик |f 1880-1960 |g Абрам Федорович |2 stltpush |3 (RuTPU)RU\TPU\pers\5701 |9 1134 | |
| 600 | 1 | |a Бардин |b И. П. |c русский металлург |c создатель черной металлургии |f 1883-1960 |g Иван Павлович |2 stltpush |3 (RuTPU)RU\TPU\pers\12118 |9 3182 | |
| 600 | 1 | |a Тухачевский |b М. Н. |c Маршал Советского Союза |c герой Гражданской войны |f 1893-1937 |g Михаил Николаевич |2 stltpush |3 (RuTPU)RU\TPU\pers\12480 |9 3487 | |
| 600 | 1 | |a Киров |b С. М. |c настоящая фамилия Костриков |c российский политический деятель |f 1886-1934 |g Сергей Миронович |2 stltpush |3 (RuTPU)RU\TPU\pers\12368 |9 3378 | |
| 600 | 1 | |a Кржижановский |b Г. М. |c российский государственный деятель, учёный, академик АН СССР |c специалист в области энергетики |f 1872-1959 |g Глеб Максимилианович |2 stltpush |3 (RuTPU)RU\TPU\pers\11517 |9 2711 | |
| 606 | 1 | |a Физическая наука |x История |2 stltpush |3 (RuTPU)RU\TPU\subj\63824 |9 80761 | |
| 610 | 1 | |a научное открытие | |
| 610 | 1 | |a СССР | |
| 610 | 1 | |a радиолокация | |
| 610 | 1 | |a интроскопия | |
| 610 | 1 | |a ночное видение | |
| 610 | 1 | |a волны | |
| 610 | 1 | |a электроны | |
| 675 | |a 53(092) |v 3 | ||
| 700 | 1 | |a Ощепков |b П. К. |g Павел Кондратьевич | |
| 801 | 0 | |a RU |b RuMRKP |c 19950704 |g psbo | |
| 801 | 1 | |a RU |b 63413507 |c 20150602 | |
| 801 | 2 | |a RU |b 63413507 |c 20191224 |g RCR | |
| 942 | |c BK | ||